|
|
|
|
| LEADER |
03181nam a22006255i 4500 |
| 001 |
978-3-319-18461-6 |
| 003 |
DE-He213 |
| 005 |
20151204160344.0 |
| 007 |
cr nn 008mamaa |
| 008 |
150427s2015 gw | s |||| 0|eng d |
| 020 |
|
|
|a 9783319184616
|9 978-3-319-18461-6
|
| 024 |
7 |
|
|a 10.1007/978-3-319-18461-6
|2 doi
|
| 040 |
|
|
|d GrThAP
|
| 050 |
|
4 |
|a TA1637-1638
|
| 050 |
|
4 |
|a TA1634
|
| 072 |
|
7 |
|a UYT
|2 bicssc
|
| 072 |
|
7 |
|a UYQV
|2 bicssc
|
| 072 |
|
7 |
|a COM012000
|2 bisacsh
|
| 072 |
|
7 |
|a COM016000
|2 bisacsh
|
| 082 |
0 |
4 |
|a 006.6
|2 23
|
| 082 |
0 |
4 |
|a 006.37
|2 23
|
| 245 |
1 |
0 |
|a Scale Space and Variational Methods in Computer Vision
|h [electronic resource] :
|b 5th International Conference, SSVM 2015, Lège-Cap Ferret, France, May 31 - June 4, 2015, Proceedings /
|c edited by Jean-François Aujol, Mila Nikolova, Nicolas Papadakis.
|
| 264 |
|
1 |
|a Cham :
|b Springer International Publishing :
|b Imprint: Springer,
|c 2015.
|
| 300 |
|
|
|a XV, 716 p. 235 illus.
|b online resource.
|
| 336 |
|
|
|a text
|b txt
|2 rdacontent
|
| 337 |
|
|
|a computer
|b c
|2 rdamedia
|
| 338 |
|
|
|a online resource
|b cr
|2 rdacarrier
|
| 347 |
|
|
|a text file
|b PDF
|2 rda
|
| 490 |
1 |
|
|a Lecture Notes in Computer Science,
|x 0302-9743 ;
|v 9087
|
| 505 |
0 |
|
|a Scale space and partial differential equation methods -- Denoising, restoration and reconstruction, segmentation and partitioning -- Flow, motion and Registration -- Photography, texture and color processing.-Shape, surface and 3D Problems -- Optimization theory and methods in imaging.
|
| 520 |
|
|
|a This book constitutes the refereed proceedings of the 5th International Conference on Scale Space and Variational Methods in Computer Vision, SSVM 2015, held in Lège-Cap Ferret, France, in May 2015. The 56 revised full papers presented were carefully reviewed and selected from 83 submissions. The papers are organized in the following topical sections: scale space and partial differential equation methods; denoising, restoration and reconstruction, segmentation and partitioning; flow, motion and registration; photography, texture and color processing; shape, surface and 3D problems; and optimization theory and methods in imaging.
|
| 650 |
|
0 |
|a Computer science.
|
| 650 |
|
0 |
|a Computers.
|
| 650 |
|
0 |
|a Algorithms.
|
| 650 |
|
0 |
|a Computer graphics.
|
| 650 |
|
0 |
|a Image processing.
|
| 650 |
|
0 |
|a Pattern recognition.
|
| 650 |
1 |
4 |
|a Computer Science.
|
| 650 |
2 |
4 |
|a Image Processing and Computer Vision.
|
| 650 |
2 |
4 |
|a Computer Graphics.
|
| 650 |
2 |
4 |
|a Pattern Recognition.
|
| 650 |
2 |
4 |
|a Algorithm Analysis and Problem Complexity.
|
| 650 |
2 |
4 |
|a Information Systems Applications (incl. Internet).
|
| 650 |
2 |
4 |
|a Computation by Abstract Devices.
|
| 700 |
1 |
|
|a Aujol, Jean-François.
|e editor.
|
| 700 |
1 |
|
|a Nikolova, Mila.
|e editor.
|
| 700 |
1 |
|
|a Papadakis, Nicolas.
|e editor.
|
| 710 |
2 |
|
|a SpringerLink (Online service)
|
| 773 |
0 |
|
|t Springer eBooks
|
| 776 |
0 |
8 |
|i Printed edition:
|z 9783319184609
|
| 830 |
|
0 |
|a Lecture Notes in Computer Science,
|x 0302-9743 ;
|v 9087
|
| 856 |
4 |
0 |
|u http://dx.doi.org/10.1007/978-3-319-18461-6
|z Full Text via HEAL-Link
|
| 912 |
|
|
|a ZDB-2-SCS
|
| 912 |
|
|
|a ZDB-2-LNC
|
| 950 |
|
|
|a Computer Science (Springer-11645)
|